[Event "Braila Albulet Memorial (Women) 8th"]
[Site "Braila"]
[Date "2015.09.16"]
[Round "9"]
[White "Bogdan, Laura Iulia"]
[Black "Anton, Roxana Ana"]
[Result "0-1"]
[WhiteElo "1573"]
[BlackElo "1833"]
[PlyCount "104"]
[EventDate "2015.09.10"]
[EventType "swiss"]
[EventRounds "9"]
[EventCountry "ROU"]
[SourceTitle "EXT 2016"]
[Source "ChessBase"]
[SourceDate "2015.10.08"]
[SourceVersion "1"]
[SourceVersionDate "2015.10.08"]
[SourceQuality "1"]

1. e4 e6 2. d4 d5 3. e5 c5 4. c3 Nc6 5. a3 Bd7 6. b4 cxd4 7. cxd4 a6 8. Nf3 Nge7 9. Bd3 b5 10. Be3 Ng6 11. 0-0 Be7 12. Nbd2 Rb8 13. g3 a5 14. bxa5 Nxa5 15. Nb3 Nc4 16. Nc5 Bxc5 17. Bxc4 Bxd4 18. Qxd4 bxc4 19. Bg5 Qb6 20. Rab1 Qc7 21. h4 h6 22. h5 Ne7 23. Rxb8+ Qxb8 24. Bxe7 Kxe7 25. Qc5+ Ke8 26. Ra1 f6 27. exf6 gxf6 28. a4 Rg8 29. Kg2 Qc8 30. Qxc8+ Bxc8 31. a5 Ba6 32. Nd4 Kd7 33. Rb1 e5 34. Nf5 c3 35. Nxh6 Rh8 36. Ng4 Ke7 37. Ne3 d4 38. Nd5+ Kf7 39. Nxc3 dxc3 40. Rc1 Rc8 41. Kf3 f5 42. g4 fxg4+ 43. Kxg4 Kf6 44. h6 Kg6 45. h7 Rc4+ 46. Kf3 Kxh7 47. Ke3 Kg6 48. Kd3 Kf5 49. Ke3 Re4+ 50. Kf3 Rc4 51. Ke3 Rc5 52. f3 c2 0-1

[Event "Braila Albulet Memorial (Women) 8th"]
[Site "Braila"]
[Date "2015.09.14"]
[Round "7"]
[White "Bogdan, Laura Iulia"]
[Black "Coman, Emilia Florentina"]
[Result "0-1"]
[WhiteElo "1573"]
[BlackElo "1769"]
[PlyCount "60"]
[EventDate "2015.09.10"]
[EventType "swiss"]
[EventRounds "9"]
[EventCountry "ROU"]
[SourceTitle "EXT 2016"]
[Source "ChessBase"]
[SourceDate "2015.10.08"]
[SourceVersion "1"]
[SourceVersionDate "2015.10.08"]
[SourceQuality "1"]

1. e4 e6 2. d4 d5 3. Nc3 Nf6 4. Bg5 Be7 5. e5 Nfd7 6. Bxe7 Qxe7 7. f4 a6 8. Nf3 c5 9. g3 Nc6 10. Bg2 b5 11. 0-0 cxd4 12. Nxd4 Qc5 13. Nce2 Nb6 14. b3 a5 15. Qd3 Ba6 16. Qd1 b4 17. Rf2 Bxe2 18. Nxe2 0-0 19. Nc1 Nd4 20. Nd3 Qc3 21. Rd2 Nb5 22. h4 Rac8 23. h5 h6 24. g4 Rc7 25. g5 hxg5 26. fxg5 Qd4+ 27. Kf1 Qh4 28. h6 g6 29. Qe2 Qxg5 30. Rad1 Nc3 0-1

[Event "Braila Albulet Memorial (Women) 8th"]
[Site "Braila"]
[Date "2015.09.12"]
[Round "4"]
[White "Uzuneanu, Gabriela"]
[Black "Bogdan, Laura Iulia"]
[Result "1/2-1/2"]
[WhiteElo "1447"]
[BlackElo "1573"]
[PlyCount "125"]
[EventDate "2015.09.10"]
[EventType "swiss"]
[EventRounds "9"]
[EventCountry "ROU"]
[SourceTitle "EXT 2016"]
[Source "ChessBase"]
[SourceDate "2015.10.08"]
[SourceVersion "1"]
[SourceVersionDate "2015.10.08"]
[SourceQuality "1"]

1. e4 c5 2. f4 d5 3. exd5 Qxd5 4. Nc3 Qd8 5. Nf3 Nf6 6. d3 Nc6 7. h3 e6 8. Be2 Be7 9. Be3 0-0 10. Ne4 b6 11. 0-0 Bb7 12. a3 Nd5 13. Bd2 f5 14. Nc3 Bf6 15. Rb1 Nd4 16. Kh2 a6 17. Nxd4 Bxd4 18. Nxd5 Bxd5 19. Bf3 Rc8 20. c3 Bf6 21. Be3 Bc6 22. Qe2 Re8 23. Rbd1 Qc7 24. Bxc6 Qxc6 25. d4 c4 26. Bf2 Qd6 27. Bg3 b5 28. Qf3 Red8 29. Rfe1 a5 30. Qe3 Re8 31. Qf3 g6 32. d5 exd5 33. Rxe8+ Rxe8 34. Qxd5+ Qxd5 35. Rxd5 b4 36. axb4 axb4 37. Rc5 Re4 38. cxb4 Bxb2 39. b5 c3 40. b6 Rb4 41. Rc8+ Kf7 42. Bf2 Ke6 43. Be1 Rxb6 44. Bxc3 Bxc3 45. Rxc3 Kd5 46. Rc7 h5 47. Re7 Rb4 48. Kg3 Rb6 49. Kh4 Kd6 50. Rg7 Kd5 51. Kg5 Ke4 52. g3 Kf3 53. Rxg6 Rxg6+ 54. Kxg6 Kxg3 55. Kg5 h4 56. Kxf5 Kxh3 57. Kg5 Kg3 58. f5 h3 59. f6 h2 60. f7 h1Q 61. f8Q Qh4+ 62. Kg6 Qg4+ 63. Kf7 1/2-1/2

[Event "Braila Albulet Memorial (Women) 8th"]
[Site "Braila"]
[Date "2015.09.11"]
[Round "3"]
[White "Bogdan, Laura Iulia"]
[Black "Azamfirei, Smaranda Georgiana"]
[Result "0-1"]
[WhiteElo "1573"]
[BlackElo "1580"]
[PlyCount "36"]
[EventDate "2015.09.10"]
[EventType "swiss"]
[EventRounds "9"]
[EventCountry "ROU"]
[SourceTitle "EXT 2016"]
[Source "ChessBase"]
[SourceDate "2015.10.08"]
[SourceVersion "1"]
[SourceVersionDate "2015.10.08"]
[SourceQuality "1"]

1. e4 e5 2. Nf3 Nc6 3. Bb5 a6 4. Ba4 Nf6 5. 0-0 b5 6. Bb3 Bc5 7. Nxe5 Nxe5 8. d4 Bxd4 9. Qxd4 d6 10. Nc3 c5 11. Qd2 c4 12. Qg5 0-0 13. f4 Qb6+ 14. Kh1 Neg4 15. h3 Nf2+ 16. Kh2 N2xe4 17. Nxe4 Nxe4 18. Qe7 Bb7 0-1

[Event "ROM-ch U16 Girls"]
[Site "Calimanesti"]
[Date "2014.04.09"]
[Round "4"]
[White "Bogdan, Laura Iulia"]
[Black "Constandache, Maria Alexandra"]
[Result "1-0"]
[WhiteElo "1489"]
[BlackElo "1001"]
[PlyCount "43"]
[EventDate "2014.04.06"]
[EventType "swiss"]
[EventRounds "9"]
[EventCountry "ROU"]
[SourceTitle "CBM 160 Extra"]
[Source "ChessBase"]
[SourceDate "2014.07.01"]
[SourceVersion "1"]
[SourceVersionDate "2014.07.01"]
[SourceQuality "1"]

1. e4 e5 2. Nf3 Nc6 3. Bb5 a6 4. Ba4 Nf6 5. 0-0 Nxe4 6. d4 Bd6 7. Re1 Nf6 8. Bxc6 dxc6 9. dxe5 Bg4 10. exf6+ Kd7 11. Ne5+ Kc8 12. Qxg4+ Kb8 13. Nxf7 Re8 14. Be3 Qxf6 15. Nxd6 Qxd6 16. Nc3 c5 17. Bf4 Rxe1+ 18. Rxe1 Qf8 19. Nd5 Qf7 20. Nxc7 Ra7 21. Nb5+ Ka8 22. Qc8# 1-0

[Event "ROM-ch U16 Girls"]
[Site "Calimanesti"]
[Date "2014.04.07"]
[Round "2"]
[White "Dumitras, Teodora Iarina"]
[Black "Bogdan, Laura Iulia"]
[Result "1-0"]
[WhiteElo "1647"]
[BlackElo "1489"]
[PlyCount "75"]
[EventDate "2014.04.06"]
[EventType "swiss"]
[EventRounds "9"]
[EventCountry "ROU"]
[SourceTitle "CBM 160 Extra"]
[Source "ChessBase"]
[SourceDate "2014.07.01"]
[SourceVersion "1"]
[SourceVersionDate "2014.07.01"]
[SourceQuality "1"]

1. c4 Nf6 2. Nc3 g6 3. e3 Bg7 4. d4 d6 5. g3 0-0 6. Bg2 Nbd7 7. Nge2 e5 8. 0-0 Nh5 9. Qb3 Rb8 10. Rd1 a6 11. c5 dxc5 12. dxc5 Qe7 13. c6 bxc6 14. Qa4 Nb6 15. Qc2 Bb7 16. b3 f5 17. Na4 Nxa4 18. Qc4+ Kh8 19. Qxa4 Qe6 20. Ba3 Rfd8 21. Rac1 e4 22. Bc5 g5 23. Bd4 Nf6 24. Ba1 Rxd1+ 25. Rxd1 Nd5 26. Bxg7+ Kxg7 27. Nd4 Qd7 28. Rc1 Ne7 29. Bf1 f4 30. exf4 gxf4 31. Qc4 Kf6 32. Ne2 f3 33. Nf4 Qf5 34. Qd4+ Kf7 35. Bh3 Qf6 36. Be6+ Qxe6 37. Nxe6 Kxe6 38. Qxe4+ 1-0

[Event "ROM-ch U14 Girls"]
[Site "Calimanesti"]
[Date "2013.04.07"]
[Round "8"]
[White "Jakab, Kincso"]
[Black "Bogdan, Laura Iulia"]
[Result "1-0"]
[WhiteElo "1641"]
[BlackElo "1454"]
[PlyCount "115"]
[EventDate "2013.04.02"]
[EventType "swiss"]
[EventRounds "9"]
[EventCountry "ROU"]
[SourceTitle "CBM 153 Extra"]
[Source "ChessBase"]
[SourceDate "2013.04.22"]
[SourceVersion "1"]
[SourceVersionDate "2013.04.22"]
[SourceQuality "1"]

1. e4 c5 2. c4 Nc6 3. Nc3 g6 4. g3 Bg7 5. Bg2 e6 6. Nge2 Nge7 7. 0-0 0-0 8. d3 d6 9. Be3 a6 10. d4 b6 11. a3 Rb8 12. Rb1 Na5 13. b3 f5 14. f4 Qc7 15. Qc2 Bd7 16. dxc5 dxc5 17. e5 b5 18. cxb5 axb5 19. Rfc1 c4 20. b4 Nb3 21. Rd1 Bc6 22. Nd4 Nxd4 23. Bxd4 Bxg2 24. Qxg2 Qb7 25. Bc5 Rfe8 26. Qxb7 Rxb7 27. a4 bxa4 28. Nxa4 Nd5 29. Rdc1 Ra8 30. Nc3 Bf8 31. Bxf8 Kxf8 32. Nxd5 exd5 33. Rd1 Rd7 34. Rd4 Rb8 35. Kf2 Ke7 36. Ke3 Ke6 37. Rd2 Ra7 38. b5 Rab7 39. Rdb2 c3 40. Rb3 c2 41. Rc1 Rxb5 42. Rxb5 Rxb5 43. Rxc2 Kd7 44. Kd4 Ra5 45. Rc5 Ra2 46. Kxd5 Rd2+ 47. Kc4 Rxh2 48. Rd5+ Ke7 49. Rd3 Rc2+ 50. Kd5 Rc8 51. Ra3 Rc7 52. Ra6 Rc3 53. Ra7+ Ke8 54. Rxh7 Rxg3 55. Ke6 Kd8 56. Kf6 Rc3 57. Kxg6 Rc6+ 58. Kxf5 1-0